Globalizácia a reforma zdravotníctva, dôsledky a stratégie pre ošetrovateľstvo

Bibliographic Details
Main Author: Shaweová, Sally (Author)
Other Authors: Michal, Silvester (Translator)
Format: Article
Language:Slovak
PhysicalDescription:Tab.
ISSN:1336-183X
Subjects:

MARC

LEADER 00000nab a2200000 a 4500
001 vtls001496198
003 SK-MaSNL
005 20260304145510.0
008 250505c2004 xo 0 slo
015 |a SNBCL2005/2 
035 |a SLK030126 
035 |a urn:nbn:sk:snk-abugo 
035 |a (urnnbn)urn:nbn:sk:snk:ar-a04kle 
035 |a (uuid)f28d02fb-f150-42bc-ba06-202205afb683 
040 |a SNKBUCL  |b slo  |c SNKBUCL  |e AACR2 
041 0 |a slo 
044 |a xo  |c SK 
080 |a 316.422:614.2  |2 1981 
100 1 |a Shaweová, Sally  |4 aut  |9 1468414 
245 1 0 |a Globalizácia a reforma zdravotníctva, dôsledky a stratégie pre ošetrovateľstvo  |c Sally Shaweová, Silvester Michal 
300 |b Tab. 
650 0 7 |a reforma zdravotníckej starostlivosti  |2 MESH  |9 21012 
650 0 7 |a politika zdravotnícka  |2 MESH  |9 858235 
650 0 7 |a medzinárodná spolupráca  |2 MESH  |9 4911 
650 0 7 |a ošetrovateľstvo  |2 MESH  |9 2557 
700 1 |a Michal, Silvester  |4 trl  |9 352391 
773 0 |t Ošetrovateľstvo a pôrodná asistencia  |g Roč. 2, č. 5 + suplementum (2004), s. 3-5  |x 1336-183X 
850 |a Slovenská národná knižnica 
852 |a Slovenská národná knižnica 
954 |a odborná, vedecká literatúra pôvodná (slovenská)  |2 lita 
958 |a article27 
958 |a OND 
958 |a EUIPO 
999 |c 2935805  |d 2937735